Computer basics and its application in libraries / (Record no. 27282)
[ view plain ]
| 000 -LEADER | |
|---|---|
| fixed length control field | 00904nam a22002297a 4500 |
| 005 - DATE AND TIME OF LATEST TRANSACTION | |
| control field | 20090606110140.0 |
| 008 - FIXED-LENGTH DATA ELEMENTS--GENERAL INFORMATION | |
| fixed length control field | 090606t xxu||||| |||| 00| 0 eng d |
| 010 ## - LCCN (DPL NO) | |
| LC control number | ENG-93919 |
| 020 ## - INTERNATIONAL STANDARD BOOK NUMBER | |
| International Standard Book Number | 8189412507 |
| Terms of availability | 400.00 |
| 035 ## - SYSTEM CONTROL NUMBER | |
| System control number | EN-77452 |
| 037 ## - SOURCE OF ACQUISITION | |
| Source of stock number/acquisition | DBAD / PUB |
| 040 ## - CATALOGING SOURCE | |
| Original cataloging agency | dpl |
| Language of cataloging | English |
| 082 ## - DEWEY DECIMAL CLASSIFICATION NUMBER | |
| Classification number | 025.00285 |
| 100 ## - MAIN ENTRY--PERSONAL NAME | |
| Personal name | Sinha, Madan Mohan |
| 245 ## - TITLE STATEMENT | |
| Title | Computer basics and its application in libraries / |
| Statement of responsibility, etc | by Madan Mohan Sinha |
| 260 ## - PUBLICATION, DISTRIBUTION, ETC. (IMPRINT) | |
| Place of publication, distribution, etc | Delhi |
| Name of publisher, distributor, etc | Avishkar Prakshan |
| Date of publication, distribution, etc | 2008 |
| 270 ## - ADDRESS | |
| Address | L-20/13, Gali No. 5, Chivaji Marg, Kartar Nagar, |
| City | Delhi |
| Postal code | 110053 |
| 300 ## - PHYSICAL DESCRIPTION | |
| Extent | viii, 287p. |
| Dimensions | 23cm(Hb) |
| 500 ## - GENERAL NOTE | |
| General note | Includes bibliographical references and index |
| 942 ## - ADDED ENTRY ELEMENTS (KOHA) | |
| Source of classification or shelving scheme | Dewey Decimal Classification |
| Item type | English Books |
| Call number suffix | SIN |
| Classification part | 025.00285 |
| Withdrawn status | Lost status | Source of classification or shelving scheme | Damaged status | Not for loan | Collection code | Home library | Current library | Date acquired | Source of acquisition | Cost, normal purchase price | Total Checkouts | Full call number | Barcode | Date last seen | Copy number | Cost, replacement price | Koha item type |
|---|---|---|---|---|---|---|---|---|---|---|---|---|---|---|---|---|---|
| Dewey Decimal Classification | Not For Loan | Non-fiction | D.B.Act.Division | D.B.Act.Division | 06/06/2009 | DBAD / PUB | 400.00 | 025.00285 SIN | EN-77452 | 06/06/2009 | 1 | 400.00 | English Books |
